Migración, trabajo y relaciones de género : la vida en México y en Estados Unidos /
Compilación de ponencias que se presentaron en el sexto congreso de la Asociación Mexicana de Estudios Rurales, A.C. Dicha sociedad pretende el fomento, la difusión y profundizar la investigación y el conocimiento sobre el estudio del campo mexicano para contribuir al desarrollo rural con equidad. S...
保存先:
| 共著者: | , |
|---|---|
| その他の著者: | , |
| フォーマット: | 会議録 図書 |
| 言語: | スペイン語 |
| 出版事項: |
México :
Asociación Mexicana de Estudios Rurales,
2011, c2011
|
| シリーズ: | (La Encrucijada del México Rural: Contrastes Regionales en un Mundo Desigual ;
4) |
| 主題: | |
| タグ: |
タグなし, このレコードへの初めてのタグを付けませんか!
|
MARC
| LEADER | 00000nam^a2200000^a^4500 | ||
|---|---|---|---|
| 001 | 000315607 | ||
| 005 | 20250521000000.0 | ||
| 009 | 20260310113248.858 | ||
| 020 | |a 978-607-95231-5-2 | ||
| 020 | |a 978-607-95231-1-4 | ||
| 037 | |a Acervo ITESO - Biblioteca | ||
| 041 | |a ESP | ||
| 082 | |a 330. 972 |b CNG 2007 V. 4 | ||
| 111 | |a Congreso de la Asociación Mexicana de Estudios Rurales ( |n 6º : |d 2007 : |c Veracruz, México) | ||
| 245 | 1 | 0 | |a Migración, trabajo y relaciones de género : |b la vida en México y en Estados Unidos / |c Coord. general y del volumen de M.J. Sánchez Gómez ; coord. del volumen de B. Canabal Cristiani. |
| 264 | 4 | |a México : |b Asociación Mexicana de Estudios Rurales, |c 2011, c2011 | |
| 300 | |a 308 p. | ||
| 336 | |a texto |b txt |2 rdacontenido | ||
| 337 | |a sin mediación |b n |2 rdamedio | ||
| 338 | |a volumen |b nc |2 rdasoporte | ||
| 440 | 3 | |a (La Encrucijada del México Rural: Contrastes Regionales en un Mundo Desigual ; |v 4) | |
| 520 | |a Compilación de ponencias que se presentaron en el sexto congreso de la Asociación Mexicana de Estudios Rurales, A.C. Dicha sociedad pretende el fomento, la difusión y profundizar la investigación y el conocimiento sobre el estudio del campo mexicano para contribuir al desarrollo rural con equidad. Se presenta en seis volúmenes y en cada uno se aborda una temática particular dentro de la situación que se vive en México en donde las políticas neoliberales han dado como fruto algunos casos exitosos, pero también una gran mayoría de sectores e individuos excluidos. | ||
| 649 | |a XX | ||
| 650 | |a Migrantes Mexicanos | ||
| 650 | |a Escala Móvil de Salarios | ||
| 650 | |a Escolaridad | ||
| 650 | |a Migración - |z México-Canadá | ||
| 650 | |a Migración - |z México-EUA | ||
| 650 | |a Migración - |z México - |x Tema Principal | ||
| 650 | |a Género - |z México | ||
| 650 | |a Zonas Rurales - |z México - |x Aspectos Sociales y Culturales | ||
| 650 | |a Desarrollo Rural - |z México - |x Congresos - |x Tema Principal | ||
| 650 | |a Desarrollo Económico-Social - |z México | ||
| 650 | |a Liberalismo y Neoliberalismo Económicos - |z México - |x Historia | ||
| 650 | |a Políticas Públicas - |z México - |x Tema Principal | ||
| 650 | |a Economía - |z México | ||
| 710 | |a Asociación Mexicana de Estudios Rurales | ||
| 700 | |a Sánchez Gómez, Martha Judith |e (coordinación general y del volumen) | ||
| 700 | |a Canabal Cristiani, Beatriz |e (coordinación del volumen) | ||
| 910 | |a Fondo General | ||
| 920 | |a Impresos - Libros | ||
| 930 | |a Colección General | ||
| 905 | |a 101 | ||
| 901 | |a 0500202517 |b IT1 |c ACC |d EG |i D56863 |u 20250521 | ||
| 902 | |a https://opac.biblio.iteso.mx/vufind/Record/000315607 | ||